000 01234nam a22002657a 4500
003 OSt
005 20210317182423.0
008 210317s2013 ck ||||frl|||f001 0 spa d
020 _a9789587690231
040 _aCO-JMCR
_cCO-JMCR
041 0 _aspa
082 0 4 _a346.861023 /
_bC718r
_223
110 1 _aColombia.
_98040
243 1 0 _aLeyes, etc.
245 1 0 _aRégimen de la contratación estatal :
_banotado : ley 80 de 1993 y normatividad complementaria /
_cDídier Morales Restrepo
250 _aVigésima segunda edición
260 _aBogotá :
_bLeyer,
_cimpresión 2013
300 _axv, 518, xx-xxxvi páginas ;
_c22 cm.
500 _aIncluye índice alfabético de materias, normativo, suplemento.
505 0 _aDisposiciones generales -- Principios de la contratación estatal -- El contrato estatal -- La nulidad de los contratos -- La responsabilidad contractual -- Liquidación de los contratos -- Control de la gestión contractual -- La solución de las controversias contractuales -- Disposiciones varias
650 1 4 _aContratos públicos
_xLegislación
_zColombia
_913052
650 2 4 _aFuncionarios públicos
_xLegislación
_zColombia
_913355
700 1 _aMorales Restrepo, Didier,
_930391
942 _2ddc
_cBK
999 _c15421
_d15421